Catálogo
 En Linea

La pasión de israel / (Registro nro. 39810)

Detalles MARC
000 -CABECERA
campo de control de longitud fija 00510nam a2200181 a 4500
001 - NÚMERO DE CONTROL
campo de control 000040320
005 - FECHA Y HORA DE LA ÚLTIMA TRANSACCIÓN
campo de control 20201002034045.0
008 - DATOS DE LONGITUD FIJA--INFORMACIÓN GENERAL
campo de control de longitud fija 130821s1966 sp 000 0 spa d
040 ## - FUENTE DE LA CATALOGACIÓN
Centro catalogador/agencia de origen DO-SdBNP
Lengua de catalogación spa
Centro/agencia transcriptor BNPHU
100 1# - ENTRADA PRINCIPAL--NOMBRE DE PERSONA
Nombre de persona Sachs, Nelly
9 (RLIN) 66607
240 10 - TÍTULO UNIFORME
Título uniforme Das Leiden Israels
Lenguaje de la obra español
245 13 - MENCIÓN DE TÍTULO
Título La pasión de israel /
Mención de responsabilidad, etc. Nelly Sachs.
260 ## - PUBLICACIÓN, DISTRIBUCIÓN, ETC.
Lugar de publicación, distribución, etc. Barcelona :
Nombre del editor, distribuidor, etc. Grijalbo,
Fecha de publicación, distribución, etc. 1966.
300 ## - DESCRIPCIÓN FÍSICA
Extensión 182 p. ;
Dimensiones 21 cm.
490 1# - MENCIÓN DE SERIE
Mención de serie Teatro de hoy
586 ## - NOTA DE PREMIOS
Nota de premios Premio nobel 1966
830 #0 - PUNTO DE ACCESO ADICIONAL DE SERIE-TÍTULO UNIFORME
Título uniforme Teatro de hoy
9 (RLIN) 66608
Existencias
Estado de retiro Estado de pérdida Restricciones de uso No para préstamo Código de colección Localización permanente Ubicación/localización actual Ubicación en estantería Fecha de adquisición Número de inventario Total de préstamos Signatura topográfica completa Código de barras Fecha visto por última vez Precio válido a partir de Tipo de ítem Koha Nota pública
      Excluido de préstamo Monografías: Libros y Folletos General General En catalogación 21.08.2013 LF1   40320-10 25.06.2020 25.06.2020 No se presta Perteneció a la biblioteca personal de Aída cartagena Portalatín

Con tecnología Koha